000 00392nam a2200145Ia 4500
005 20251222153638.0
008 251222s9999||||xx |||||||||||||| ||spa||
020 _a8478290176
082 _a006.3/F41
100 _aFernández Galán, Severiano
245 0 _aProblemas Resueltos de inteligencia Artificial Aplicada
250 _a1ra.ed.
264 _bPearson Educación, S.A.
942 _cLIB
999 _c32642
_d32642